00982cam a2200241 a 450000100100000000500170001000800410002704000250006808200180009310000370011124500840014826000360023230000210026849000100028950001180029965000200041765000660043765100500050365000410055383000160059495201150061099900150072500000258420240502094959.0901002s1990 cu r 001 0 spa  aDO-SdBNPbspacBNPHU a080.91bC962e1 aCastro, Fideld 1926-201691697116aEn la trinchera de la revolución :bselección de discursos /cFidel Castro. aLa Habana :bPolítica,c1990. a270 p. ;c18 cm.1 aOlivo aFidel Castro fué primer ministro de Cuba desde 1959 hasta 1976 y luego presidente de Cuba desde 1976 hasta 2008 4aDiscursos96584 4aPresdentezCubaxEnsayos, congresos, conferencias, etc.98140 4aCubaxPolítica Y Gobiernoy1959-1990.95620 4aPolítica mundialy1985-1995.92884 0aOlivo98141 001050718MOaGRbGRcHDd2009-07-08iLF1l0o080.91 C962ep2584-10r2020-06-25w2020-06-25y1ZNo se presta c2420d2420